Thorin's Company - Statistics

General Stats
  • This quiz has been taken 142 times
  • The average score is 14 of 15
Answer Stats
Answer % Correct
Bilbo Baggins
97%
Fili
96%
Gandalf
96%
Gloin
96%
Kili
96%
Thorin
95%
Balin
94%
Bofur
92%
Bombur
92%
Oin
92%
Bifur
91%
Dwalin
91%
Nori
91%
Ori
91%
Dori
89%
No matching quizzes found
Score Distribution
Percent of People with Each Score
Percentile by Number Answered
Your Score History
You have not taken this quiz